JUVENILE JUSTICE A COMMENTARY ON JUVENILE JUSTICE (care and protection of children ) ACT, 2015 (Record no. 6931)

MARC details
000 -LEADER
fixed length control field 00488nam a22001697a 4500
005 - DATE AND TIME OF LATEST TRANSACTION
control field 20210904122124.0
008 - FIXED-LENGTH DATA ELEMENTS--GENERAL INFORMATION
fixed length control field 200608b xxu||||| |||| 00| 0 eng d
020 ## - INTERNATIONAL STANDARD BOOK NUMBER
ISBN 978-938-8822176
041 ## - LANGUAGE CODE
Language code of text/sound track or separate title eng
082 ## - DEWEY DECIMAL CLASSIFICATION NUMBER
Classification number 345.5408
100 ## - MAIN ENTRY--AUTHOR NAME
Personal name PANDAY, KUMAR ASKAND
245 ## - TITLE STATEMENT
Title JUVENILE JUSTICE A COMMENTARY ON JUVENILE JUSTICE (care and protection of children ) ACT, 2015
260 ## - PUBLICATION, DISTRIBUTION, ETC. (IMPRINT)
Place of publication LUCKNOW
Name of publisher E.B.C PVT. LTD
Year of publication 2019
300 ## - PHYSICAL DESCRIPTION
Number of Pages xxxiv,;321 p
650 ## - SUBJECT ADDED ENTRY--TOPICAL TERM
Topical Term LAW
942 ## - ADDED ENTRY ELEMENTS (KOHA)
Koha item type Books
Holdings
Lost status Damaged status Collection code Home library Current library Shelving location Date acquired Source of acquisition Cost, normal purchase price Full call number Accession Number Koha item type
    LAW JRU Library JRU Library SHELF-30-D 20/06/2020 PURCHESS 595.00 345.5408 24946 Books
    Reference JRU Library JRU Library SHELF-1-A 20/06/2020 PURCHESS 595.00 345.5408 24947 Books
    LAW JRU Library JRU Library SHELF-30-D 20/06/2020 PURCHESS 595.00 345.5408 24948 Books